| 000 | 00599nam a2200229Ia 4500 | ||
|---|---|---|---|
| 005 | 20250425162352.0 | ||
| 008 | 250425s9999 xx 000 0 und d | ||
| 020 | _a0131477145 | ||
| 041 | _aeng | ||
| 082 | _a624.18 | ||
| 100 | _aMAMLOUK, MICHAEL S. | ||
| 245 | 0 | _aMATERIALS FOR CIVIL AND CONSTRUCTION ENGINEERS | |
| 250 | _a2ND ED. | ||
| 260 |
_aEstados Unidos _bPEARSON PRENTICE HALL _c2006 |
||
| 260 | _aUPPER SADDLE RIVER | ||
| 300 | _a576 | ||
| 650 | _aINGENIERIA CIVIL | ||
| 650 | _aMATERIALES DE CONSTRUCCION | ||
| 700 | _aZANIEWSKI, JOHN P. | ||
| 942 | _c01 | ||
| 010 | _a66521 | ||
| 999 |
_c227832 _d227832 |
||